Guess the European City by Picture #3 - Statistics

General Stats
  • This quiz has been taken 49 times
  • The average score is 9 of 12
Answer Stats
Picture Hint Answer % Correct
United Kingdom London
95%
Croatia Zagreb
93%
Slovakia Bratislava
91%
Ireland Dublin
89%
Belarus Minsk
89%
Moldova Chisinau
80%
Germany Cologne
80%
France Lyon
80%
Ireland Cork
77%
Netherlands Hague/The Hague
68%
Finland Tampere
41%
Switzerland Geneva
39%
No matching quizzes found
Score Distribution
Percent of People with Each Score
Percentile by Number Answered
Your Score History
You have not taken this quiz